Ricostruisci la Carriera del Calciatore - Juan Manuel Mata - Statistics

Statistiche generali
  • Questo quiz è stato fatto 9 volte
  • Il punteggio medio è 4 su 6
Statistiche sulle risposte
Hint Risposta % Corretto
2014-2022 Manchester Utd
86%
2006-2007 Real M. Castilla
86%
2022-2023 Galatasaray
71%
2007-2011 Valencia
71%
2023-2024 Vissel Kōbe
71%
2011-2014 Chelsea
57%
Nessun quiz corrispondente trovato
Distribuzione punteggi
Percentuale di utenti per punteggio
Percentile per numero di risposta
I tuoi punteggi nel tempo
Non hai fatto questo quiz